000 00617nam a22002177a 4500
003 UA-OsUOA
001 84080
007 ta
008 20120517b un ||||| |||| 00| 0 ukr d
100 _aАбрамова Н.
090 _a330(477)
_bА16
942 _cSA
040 _aUA-OsUOA
_bukr
_cUA-OsUOA
_dUA-OsUOA
245 _aЕкономічна доцільність цінових знижок
300 _aС.24-29
955 _a0
041 _aukr
080 _a330(477)
773 0 _w84071
_tФінансовий ринок України
_dК.
_d2012
_g4
650 7 _a330 Економіка взагалі
_2UDC
999 _c370390
_d370390